Biochemistry of foods

Furkejuvvon:
Bibliográfalaš dieđut
Váldodahkki: Eskin, Neason Akivah Michael (Dahkki)
Materiálatiipa: Girji
Giella:eaŋgalasgiella
Almmustuhtton: San Diego Academic Press 1990
Preanttus:2a. ed
Fáttát:
Fáddágilkorat: Lasit fáddágilkoriid
Eai fáddágilkorat, Lasit vuosttaš fáddágilkora!

MARC

LEADER 00000nam a2200000 a 4500
001 UCV6076
003 CL-VaPUC
008 911001e19900000US |||||||||||||||||eng|d
082 0 4 |a 664.07  |b ESK  |2 21 
100 |a Eskin, Neason Akivah Michael  |e author  |9 300257 
245 1 0 |a Biochemistry of foods 
250 |a 2a. ed 
300 |a 557 p 
942 |c BK 
945 |d 19911001 00:00:00  |a mfernand 
260 |a San Diego  |b Academic Press  |c 1990 
650 0 |a Alimentos  |9 256203 
650 0 |a Análisis  |9 259550 
583 |a last modification  |c 19911001 00:00:00  |k Rodrigo Vera 
999 |c 212322  |d 212320 
952 |0 0  |1 0  |4 0  |6 664_070000000000000_ESK_1990  |7 0  |8 A  |9 193126  |a BIBING  |b BIBING  |d 2019-11-14  |i 2607751  |o 664.07 ESK 1990  |p 2607751  |r 2025-01-20  |w 2019-11-14  |y BK  |k EIB 
952 |0 0  |1 0  |4 0  |6 664_070000000000000_ESK_1990  |7 0  |8 A  |9 193127  |a BIBING  |b BIBING  |d 2019-11-14  |i 2962047  |o 664.07 ESK 1990  |p 2962047  |r 2025-01-20  |w 2019-11-14  |y BK  |k EIB